| 000 | 00699nam a2200169Ia 4500 | ||
|---|---|---|---|
| 008 | 090711s9999 xx 000 0 und d | ||
| 082 | _b809 | ||
| 100 | _aकहाळेकर शंभुनाथ | ||
| 245 | _aवैज्ञानिक दृष्टिकोन एक अभ्यास | ||
| 260 |
_bअभय प्रकाशन _c1999 |
||
| 300 | _a146 | ||
| 600 | _aकहाळेकर शंभुनाथ | ||
| 630 | _aवैज्ञानिक दृष्टिकोन एक अभ्यास | ||
| 700 | _aकहाळेकर शंभुनाथ | ||
| 730 | _aवैज्ञानिक दृष्टिकोन एक अभ्यास | ||
| 942 | _cBOOK | ||
| 999 |
_c335793 _d335793 |
||